Extractos de las Juntas Generales celebradas por la Real Sociedad Bascongada de los amigos del pais, en la ciudad de Vitoria por julio de 1786

Detalles Bibliográficos
Formato: Libro
Lenguaje:Undetermined
Spanish
Publicado: en Vitoria : por Baltasar de Manteli, 1786.
Materias:
Colección:Banco de datos
Acervo:Biblioteca Palafoxiana. Colección bibliográfica
Descripción Física:126, 91 p. ; 4°
Tema general:Historia civil
Notas:Sello en tinta: Biblitoeca Pública Palafoxiana. Número de localización: 28405
LEADER 00630nam a2200157Ia 4500
008 150723s9999 xx 000 0 und d
041 0 |a spa 
050 0 |a PAFX D20 E9 
245 1 0 |a Extractos de las Juntas Generales celebradas por la Real Sociedad Bascongada de los amigos del pais, en la ciudad de Vitoria por julio de 1786 
260 |a en Vitoria : por Baltasar de Manteli, 1786. 
300 |a 126, 91 p. ; 4° 
500 |a Sello en tinta: Biblitoeca Pública Palafoxiana. Número de localización: 28405 
650 1 0 |a Historia civil 
942 |c PALALIB 
943 |g Biblioteca Palafoxiana. Colección bibliográfica 
999 |c 1051482  |d 1051482